| 000 | 00742pam a2200241 i 4500 | ||
|---|---|---|---|
| 001 | 4643849 | ||
| 003 | NUST - PNEC | ||
| 005 | 20170116181136.0 | ||
| 008 | 790105s1979 nyua b 001 0 eng | ||
| 010 | _a 79000062 | ||
| 020 | _a0824765486 | ||
| 040 |
_aDLC _cLIBRARY _dDLC |
||
| 050 | 0 | 0 |
_aTJ217 _b.L37 |
| 082 | 0 | 0 | _a629.8312 LAN |
| 100 | 1 |
_aLandau, Yoan D., _d1938- |
|
| 245 | 1 | 0 |
_aAdaptive control : _bthe model reference approach / _cYoan D. Landau. |
| 260 |
_aNew York : _bDekker, _cc1979. |
||
| 300 |
_axix, 406 p. : _bill. ; _c24 cm. |
||
| 490 | 0 | _aControl and systems theory ; v. 8 | |
| 504 | _aIncludes bibliographical references and index. | ||
| 650 | 0 |
_aAdaptive control systems _xMathematical models. |
|
| 942 |
_2ddc _cBK |
||
| 999 |
_c70241 _d70241 |
||